Kraje, które dały najwięcej punktów Polsce na Eurowizji 2022 - Statystyki

Ogólne statystyki
  • Ten quiz został rozwiązany 86 razy
  • Średni wynik to 11 z 15
Statystyki odpowiedzi
Ilość punktów Kraj % Poprawnych
8 Niemcy
95%
12 Ukraina
95%
18 Wielka Brytania
90%
12 Francja
89%
5 Szwecja
88%
7 Czechy
85%
6 Holandia
78%
7 Belgia
77%
5 Norwegia
77%
10 Grecja
75%
10 Irlandia
74%
6 Malta
59%
4 San Marino
56%
4 Czarnogóra
49%
7 Izrael
48%
Nie znaleziono quizów pasujących do podanych kryteriów
Rozkład punktacji
Procent ludzi z każdym wynikiem
Percentyl według liczby udzielonych odpowiedzi
Twoja historia wyników
Nie rozwiązałeś tego quizu